|
|
|
|
| LEADER |
02647nam a22004575i 4500 |
| 001 |
978-3-642-24911-2 |
| 003 |
DE-He213 |
| 005 |
20151125222338.0 |
| 007 |
cr nn 008mamaa |
| 008 |
120613s2012 gw | s |||| 0|eng d |
| 020 |
|
|
|a 9783642249112
|9 978-3-642-24911-2
|
| 024 |
7 |
|
|a 10.1007/978-3-642-24911-2
|2 doi
|
| 040 |
|
|
|d GrThAP
|
| 050 |
|
4 |
|a RD701-811
|
| 072 |
|
7 |
|a MNS
|2 bicssc
|
| 072 |
|
7 |
|a MN
|2 bicssc
|
| 072 |
|
7 |
|a MED065000
|2 bisacsh
|
| 082 |
0 |
4 |
|a 617.47
|2 23
|
| 100 |
1 |
|
|a Draenert, Klaus.
|e author.
|
| 245 |
1 |
0 |
|a Autologous Resurfacing and Fracture Dowelling
|h [electronic resource] :
|b A Manual of Transplantation Technique /
|c by Klaus Draenert, Yvette Draenert, Tim Pohlemann, Gerd Regel.
|
| 264 |
|
1 |
|a Berlin, Heidelberg :
|b Springer Berlin Heidelberg :
|b Imprint: Springer,
|c 2012.
|
| 300 |
|
|
|a XII, 140 p. 189 illus., 149 illus. in color.
|b online resource.
|
| 336 |
|
|
|a text
|b txt
|2 rdacontent
|
| 337 |
|
|
|a computer
|b c
|2 rdamedia
|
| 338 |
|
|
|a online resource
|b cr
|2 rdacarrier
|
| 347 |
|
|
|a text file
|b PDF
|2 rda
|
| 505 |
0 |
|
|a Historical Background -- Microscopical Anatomy -- Growth -- Turnover and Healing Processes -- Bone Substitutes -- Cartilage-Bone Grafting -- Clinical Practice of Autologous Resurfacing® -- Fracture Dowelling -- Instrumentation.
|
| 520 |
|
|
|a This book describes in detail a unique and very precise operative technique that uses autologous cartilage/bone grafts for the reconstruction of load-bearing joint surfaces and for dowelling of non-unions. The technique, employing diamond instruments and a wet grinding process, has been developed and refined over the past 30 years at the Center for Orthopaedic Sciences (ZOW), first in Bern and later in Munich. A step-by-step description of the method is provided for each indication, with the aid of many high-quality illustrations. Correctly applied, the technique has been very successful in restoring high-level athletes to competition; it can be applied even in “hopeless cases” and offers excellent late results. This guide will be invaluable for orthopaedic surgeons wishing to master this proven and effective approach.
|
| 650 |
|
0 |
|a Medicine.
|
| 650 |
|
0 |
|a Orthopedics.
|
| 650 |
1 |
4 |
|a Medicine & Public Health.
|
| 650 |
2 |
4 |
|a Surgical Orthopedics.
|
| 700 |
1 |
|
|a Draenert, Yvette.
|e author.
|
| 700 |
1 |
|
|a Pohlemann, Tim.
|e author.
|
| 700 |
1 |
|
|a Regel, Gerd.
|e author.
|
| 710 |
2 |
|
|a SpringerLink (Online service)
|
| 773 |
0 |
|
|t Springer eBooks
|
| 776 |
0 |
8 |
|i Printed edition:
|z 9783642249105
|
| 856 |
4 |
0 |
|u http://dx.doi.org/10.1007/978-3-642-24911-2
|z Full Text via HEAL-Link
|
| 912 |
|
|
|a ZDB-2-SME
|
| 950 |
|
|
|a Medicine (Springer-11650)
|